Acteurs du film Barbie par images - Statistiques

Statistiques générales
  • Ce quiz a été pris 168 fois
  • Le résultat moyen est 5 sur 10
Statistiques - réponses
Par images Hint Réponse % Correct
Barbie Stéréotypée Margot Robbie
99%
Ken Plage Ryan Gosling
96%
Barbie Sirène Dua Lipa
81%
Barbie Physicienne Emma Mackey
48%
la Réalisatrice Greta Gerwig
42%
Gloria America Ferrera
32%
le PDG de Mattel Will Ferrell
32%
Allan Michael Cera
23%
Sasha Ariana Greenblatt
16%
Barbie Bizarre Kate McKinno
12%
Aucun quiz correspondant
Distribution des résultats
% des personnes avec chaque résultat
Percentile par nombre de réponses
Votre historique - résultats
Vous n’avez pas pris ce quiz